Normal view
MARC view
- Singh, Amrendra Kumar
Entry Personal Name
001 - CONTROL NUMBER
- control field: 82583
003 - CONTROL NUMBER IDENTIFIER
- control field: NUST
005 - DATE AND TIME OF LATEST TRANSACTION
- control field: 20210921160729.0
008 - FIXED-LENGTH DATA ELEMENTS
- fixed length control field: 210921|| aca||aabn | a|a d
040 ## - CATALOGING SOURCE
- Original cataloging agency: NUST
- Transcribing agency: NUST
100 ## - HEADING--PERSONAL NAME
- Personal name: Singh, Amrendra Kumar
670 ## - SOURCE DATA FOUND
- Source citation: Work cat.: (NUST)33935: Singh, Amrendra Kumar., Quantum Mechanics /, 2015.
